000 00514nam a22001697a 4500
005 20251108164402.0
008 250721s2000 xx 000 0 ara d
082 1 4 _a745.92/خطي
100 1 _aالخطيب، أميرة
245 1 0 _aموسوعة فن عمل الأزهار و الرسم على الزجاج /
264 1 _aعمان :
_bدار اسامة للنشر،
_c2000.
300 _a255ص.
650 1 7 _aالفنون الزخرفية
650 1 7 _aالأزهار
942 _2ddc
_cBK
999 _c10875
_d10875